| 000 | 00763nam a22002177a 4500 | ||
|---|---|---|---|
| 999 |
_c3924 _d3924 |
||
| 001 | 6243 | ||
| 003 | BD-DhUAP | ||
| 005 | 20210119124313.0 | ||
| 008 | 200315r19971993ii a|||| |||| 00| 0 eng d | ||
| 020 | _a0074603582 | ||
| 040 |
_aBD-DhUAP _bEng _cBD-DhUAP _dBD-DhUAP |
||
| 082 |
_223 _a421.52 SAS |
||
| 100 | _aSasikumar, V. | ||
| 245 |
_aSpoken English : _ba self-learning guide to conversation practice / _cV. Sasikumar and P. V. Dhamija. |
||
| 260 |
_aNew Delhi : _bTata McGraw-Hill Publishing Co., _cc1993 [Reprinted 1997]. |
||
| 300 |
_axiv, 200 pages : _billustrations ; _c22 cm. |
||
| 650 |
_aEnglish language _vSpoken English. |
||
| 650 |
_aEnglish language _vSpoken English _xProblems, exercises, etc. |
||
| 700 | _aDhamija, P. V. | ||
| 942 |
_2ddc _cBK |
||